000 00615nam a22002297a 4500
005 20170124110122.0
010 _aA-839679
020 _c00.00
035 _aA-839679
037 _bCen Lib/Ret
040 _aDPL
_bEN
082 _aS
_bTUN
100 _aTun, Mao
_930699
245 _aSpring silkwors and other stories /
_cby Mao Tun
250 _a2nd ed
260 _aPeking
_bForeign Languages Press
_c1969
270 _aPeking
_bPeking
300 _aiii, 237p. :
_c19cm(Hb)
_bill.
650 _aEngklish Literature
_930700
650 _aEnglish fiction-Short Stories
_9106132
942 _2ddc
_cEN
_hS
_mTUN
999 _c131058
_d131058